Statistics for Most Populous Capitals By Last Letter A-Z

Click here to take the quiz!

General Stats

  • This quiz has been taken 24 times
  • The average score is 9 of 20

Answer Stats

Letter Population Capital City % Correct
Y8.85 mMexico City
94%
G20 mBeijing
94%
O13 mTokyo
89%
W11.5 mMoscow
72%
I16 mNew Delhi
72%
V2.8 mKiev
67%
A12.8 mManila
61%
H4.8 mRiyadh
61%
L9.9 mSeoul
61%
M1.7 mKhartoum
50%
N8.84 mTehran
44%
K8.2 mBangkok
39%
E5.5 mSingapore
33%
R1.03 mDakar
28%
D7.2 mBaghdad
28%
B804,000Zagreb
17%
U2.2 mBaku
11%
Z877,000La Paz
11%
T2.2 mTashkent
6%
S3.5 mDamascus
0%

Score Distribution

Percentile by Number Answered

Percent of People with Each Score

Your Score History

You have not taken this quiz